Dirección estratégica de organizaciones turísticas.

Salvato in:
Dettagli Bibliografici
Autore principale: Casanueva Rocha, Cristóbal (autor)
Altri autori: Gallego Águeda, María Ángeles (autora)
Natura: Libro
Pubblicazione: Madrid, España: Pirámide, 2019.
Edizione:2a. edición.
Serie:Economía y empresa.
Soggetti:
Tags: Aggiungi Tag
Nessun Tag, puoi essere il primo ad aggiungerne!!

MARC

LEADER 00000nam a22000007a 4500
003 CL-VaPUC
005 20250407202458.0
008 250321t2019 ||||| |||| 00| 0 eng d
999 |c 447538  |d 447536 
020 |a 978-84-368-4075-9 
040 |c Pontificia Universidad Católica de Valparaíso 
082 |a 338.4791 CAS 2019 
100 |9 897321  |a Casanueva Rocha, Cristóbal  |e autor 
245 |a Dirección estratégica de organizaciones turísticas. 
250 |a 2a. edición. 
260 |a Madrid, España:  |b Pirámide,  |c 2019. 
300 |a 260 páginas. 
490 |a Economía y empresa. 
500 |a c.1-c.2. Instituto Arcos.08-01-2025. 
583 |c 20250321  |k Gabriela Rodríguez Cuevas 
650 0 |9 472420  |a Empresas turísticas  |x Planificación estratégica  
650 0 |9 395192  |a Dirección de empresas  |x Turismo 
650 0 |9 308920  |a Turismo  |x Gestión 
700 |9 897322  |a Gallego Águeda, María Ángeles  |e autora 
942 |2 ddc  |c BK  |n 0 
952 |0 0  |1 0  |2 ddc  |4 0  |6 338_479100000000000_CAS_2019  |7 0  |8 A  |9 601707  |a BIBINC  |b BIBINC  |d 2025-03-21  |e Instituto Arcos  |i 5666553  |o 338.4791 CAS 2019  |p 5666553  |r 2025-03-21  |t 1  |w 2025-03-21  |y BK  |k IFP 
952 |0 0  |1 0  |2 ddc  |4 0  |6 338_479100000000000_CAS_2019  |7 0  |8 A  |9 601708  |a BIBINC  |b BIBINC  |d 2025-03-21  |e Instituto Arcos  |i 5666554  |o 338.4791 CAS 2019  |p 5666554  |r 2025-03-21  |t 2  |w 2025-03-21  |y BK  |k IFP